Vita di S. Luigi Gonzaga D. C. D. G. compilata nel terzo centenario della Beata sua morte

Detalles Bibliográficos
Autor principal: Nannerini, Luigi
Formato: Libro
Lenguaje:Italian
Publicado: Siena 1891
Materias:
Colección:Banco de datos
Acervo:Biblioteca de la Congregación del Oratorio de San Felipe Neri de México. Iglesia La Profesa
Descripción Física:232 p. il. 14 cm.
Tema general:Hagiografía
Notas:Incluye frontispicio. Encuadernación en cartón con lomo en piel. Anotación manuscrita en la portada: "Ofrece a ... Carvallo". Sello en tinta de Rafael Salazar. Colegio Pio Latino Americano, Roma
LEADER 01067nam a22001930004500
035 |a 443 
041 0 |a ita 
100 1 |a Nannerini, Luigi 
245 1 0 |a Vita di S. Luigi Gonzaga D. C. D. G. compilata nel terzo centenario della Beata sua morte  |c dal P. Luigi Nannerini su quelle scritte dal P. Cepari e dal P. Ribadeneira D. M. C. con aggiunta di fatti virtuosi di note istruttive e di documenti importanti ad illustrare le glorie dell'angelico Giovane 
260 |a Siena  |b tipografia Edit. S. Bernardino  |c 1891 
300 |a 232 p.  |b il.  |c 14 cm. 
500 |a Incluye frontispicio. Encuadernación en cartón con lomo en piel. Anotación manuscrita en la portada: "Ofrece a ... Carvallo". Sello en tinta de Rafael Salazar. Colegio Pio Latino Americano, Roma 
504 |a Índice de contenido 
600 1 4 |a Luis Gonzaga, santo, 1568-1591 - Biografías 
650 1 0 |a Hagiografía 
949 |a Iglesia La Profesa, Biblioteca 559 
942 |c PROFESA 
943 |g Biblioteca de la Congregación del Oratorio de San Felipe Neri de México. Iglesia La Profesa 
999 |c 947254  |d 947254